[Event "43. Olimpiada Batumi 2018 Femenina"]
[Site "Batumi GEO"]
[Date "2018.09.30"]
[Round "6.4"]
[White "Tomic, Vladanka"]
[Black "Garcia Morales, Ivette Ale"]
[Result "0-1"]
[WhiteElo "1862"]
[BlackElo "2013"]
[PlyCount "52"]
[EventDate "2018.09.24"]
[EventType "team-swiss"]
[EventRounds "11"]
[EventCountry "GEO"]
[SourceTitle "Ajedrez en Madrid"]
[Source "lmi"]
[SourceDate "2018.09.24"]
[WhiteTeam "Bosnia & Herzegovina"]
[BlackTeam "Mexico"]
[WhiteTeamCountry "BIH"]
[BlackTeamCountry "MEX"]

1. e4 e6 2. d4 d5 3. e5 c5 4. c3 Nc6 5. Nf3 Bd7 6. Be2 cxd4 7. cxd4 Qb6 8. a3
Nge7 9. b4 Nf5 10. Bb2 Na5 11. Nbd2 Rc8 12. Rc1 Nc6 13. Nb3 a5 14. b5 a4 15.
Nc5 Ncxd4 16. Nxa4 Qa5+ 17. Bc3 Rxc3 18. Nxc3 Bxa3 19. Nxd4 Nxd4 20. O-O Bxc1
21. Qxc1 Qxc3 22. Bf3 Nxf3+ 23. gxf3 Qxc1 24. Rxc1 O-O 25. b6 Rc8 26. Ra1 g5
0-1

[Event "43. Olimpiada Batumi 2018 Femenina"]
[Site "Batumi GEO"]
[Date "2018.09.30"]
[Round "6.1"]
[White "Rodriguez Arrieta, Maria Elena"]
[Black "Caruana Pulpan, Oana"]
[Result "1-0"]
[WhiteElo "1943"]
[BlackElo "1863"]
[PlyCount "95"]
[EventDate "2018.09.24"]
[EventType "team-swiss"]
[EventRounds "11"]
[EventCountry "GEO"]
[SourceTitle "Ajedrez en Madrid"]
[Source "lmi"]
[SourceDate "2018.09.24"]
[WhiteTeam "Costa Rica"]
[BlackTeam "Malta"]
[WhiteTeamCountry "CRI"]
[BlackTeamCountry "MLT"]

1. e4 c5 2. Nf3 Nc6 3. Bb5 e6 4. Bxc6 dxc6 5. d3 Qc7 6. Be3 e5 7. h3 f6 8. Nbd2
Be6 9. Qe2 Bd6 10. a4 a5 11. Nb1 Ne7 12. Na3 b6 13. Nd2 Qd7 14. Nac4 Bc7 15. b3
Bf7 16. Qg4 Qxg4 17. hxg4 Kd7 18. Ke2 h6 19. g3 Ng6 20. Raf1 Be6 21. f3 Rhb8
22. Bf2 Bd8 23. Ne3 Be7 24. Nf5 Bf8 25. Ra1 Ne7 26. Be3 Nc8 27. Rhb1 Nd6 28.
Kf2 Rb7 29. f4 exf4 30. gxf4 Ke8 31. Kf3 Nxf5 32. gxf5 Bf7 33. Bf2 b5 34. Kg3
Kd7 35. e5 fxe5 36. fxe5 Bg8 37. Ne4 Kc7 38. Bxc5 Bh7 39. Rf1 bxa4 40. Rxa4 Rb5
41. d4 Rd8 42. Bd6+ Kb6 43. Bxf8 Rxf8 44. Nd6 Rb4 45. Rxb4+ axb4 46. e6 Rd8 47.
e7 Rxd6 48. e8=Q 1-0

[Event "43. Olimpiada Batumi 2018 Femenina"]
[Site "Batumi GEO"]
[Date "2018.09.30"]
[Round "6.2"]
[White "Thornton, Filipina"]
[Black "Gamboa Alvarado, Olga Leticia"]
[Result "0-1"]
[WhiteElo "1712"]
[BlackElo "1869"]
[PlyCount "134"]
[EventDate "2018.09.24"]
[EventType "team-swiss"]
[EventRounds "11"]
[EventCountry "GEO"]
[SourceTitle "Ajedrez en Madrid"]
[Source "lmi"]
[SourceDate "2018.09.24"]
[WhiteTeam "Malta"]
[BlackTeam "Costa Rica"]
[WhiteTeamCountry "MLT"]
[BlackTeamCountry "CRI"]

1. d4 Nf6 2. c4 e6 3. Nc3 Bb4 4. e3 b6 5. Nge2 Bb7 6. a3 Be7 7. b4 d6 8. Bb2
Nbd7 9. Rc1 e5 10. dxe5 Nxe5 11. Nd5 Ned7 12. Nef4 O-O 13. Bd3 Re8 14. O-O Bf8
15. Nh5 Nxh5 16. Qxh5 g6 17. Qg4 Bg7 18. Bxg7 Kxg7 19. Qd4+ Nf6 20. Rfd1 a5 21.
Nxf6 Qxf6 22. Qxf6+ Kxf6 23. c5 dxc5 24. bxc5 Red8 25. cxb6 cxb6 26. Kf1 Rd6
27. Rc7 Ba6 28. Ke2 Rad8 29. Rc3 b5 30. Rcc1 Rb6 31. Rc5 Rbd6 32. Rcc1 Ke5 33.
f4+ Ke6 34. a4 Rb8 35. Rc5 bxa4 36. Bxa6 Rb2+ 37. Ke1 Rxa6 38. Rd2 a3 39. Rxb2
axb2 40. Rb5 a4 41. Rxb2 a3 42. Ra2 Kd5 43. Kd2 Kc4 44. Kc2 Kb4 45. g3 Re6 46.
Kd2 Kb3 47. Rc2 Rxe3 48. Rc7 Re4 49. Rxf7 a2 50. Ra7 Ra4 51. Rb7+ Kc4 52. Rc7+
Kd5 53. Rc1 a1=Q 54. Rxa1 Rxa1 55. Ke3 Ra3+ 56. Kf2 Ke4 57. Kg2 Kf5 58. Kh3 g5
59. fxg5 Kxg5 60. Kg2 h5 61. h3 Ra2+ 62. Kf3 Kf5 63. Ke3 Ra3+ 64. Kf2 Ke4 65.
h4 Ra2+ 66. Kf1 Kf3 67. g4 Ra1# 0-1

[Event "43. Olimpiada Batumi 2018 Femenina"]
[Site "Batumi GEO"]
[Date "2018.09.30"]
[Round "6.3"]
[White "Salazar Gould, Melanie"]
[Black "Farrugia, Jamie"]
[Result "1-0"]
[WhiteElo "1926"]
[BlackElo "1582"]
[PlyCount "44"]
[EventDate "2018.09.24"]
[EventType "team-swiss"]
[EventRounds "11"]
[EventCountry "GEO"]
[SourceTitle "Ajedrez en Madrid"]
[Source "lmi"]
[SourceDate "2018.09.24"]
[WhiteTeam "Costa Rica"]
[BlackTeam "Malta"]
[WhiteTeamCountry "CRI"]
[BlackTeamCountry "MLT"]

1. e4 e5 2. Nf3 Nc6 3. Bc4 Bc5 4. c3 Nf6 5. d3 d6 6. Bb3 Bg4 7. h3 Bh5 8. Nbd2
Qe7 9. Nf1 O-O-O 10. Bc2 d5 11. Qe2 h6 12. Ng3 g6 13. a3 Qd7 14. b4 Bd6 15. O-O
Rdg8 16. Bd2 g5 17. exd5 Ne7 18. c4 Ng6 19. d4 Nh4 20. Nxh5 Nxh5 21. dxe5 Qe7
22. Nxh4 g4 1-0

[Event "43. Olimpiada Batumi 2018 Femenina"]
[Site "Batumi GEO"]
[Date "2018.09.30"]
[Round "6.4"]
[White "Psaila, Uranchimeg"]
[Black "Morera Campos, Yanori Maria"]
[Result "0-1"]
[WhiteElo "1446"]
[BlackElo "1907"]
[PlyCount "69"]
[EventDate "2018.09.24"]
[EventType "team-swiss"]
[EventRounds "11"]
[EventCountry "GEO"]
[SourceTitle "Ajedrez en Madrid"]
[Source "lmi"]
[SourceDate "2018.09.24"]
[WhiteTeam "Malta"]
[BlackTeam "Costa Rica"]
[WhiteTeamCountry "MLT"]
[BlackTeamCountry "CRI"]

1. d4 d5 2. Nf3 Nf6 3. e3 c6 4. c3 Bg4 5. Be2 Nbd7 6. h3 Bh5 7. Nbd2 e6 8. O-O
Bd6 9. Qb3 Qc7 10. c4 O-O 11. c5 Be7 12. Qd1 e5 13. b4 a5 14. Ba3 Ra7 15. Re1
Rfa8 16. Qb3 axb4 17. Bxb4 e4 18. Nh2 Bxe2 19. Rxe2 Ra6 20. Ndf1 b6 21. Qc3
bxc5 22. dxc5 Ne5 23. Ng3 g6 24. Rc2 Nd3 25. Ne2 Ra4 26. Rb1 Rxa2 27. Rxa2 Rxa2
28. Nc1 Nxc1 29. Qxc1 Qa7 30. Rb2 Ra4 31. Qc2 h5 32. g3 Nd7 33. Nf1 Ne5 34. Nd2
Nd3 35. Rb1 0-1

[Event "43. Olimpiada Batumi 2018 Femenina"]
[Site "Batumi GEO"]
[Date "2018.09.30"]
[Round "6.1"]
[White "Mucha, Annegret"]
[Black "Rawan, Eyhab"]
[Result "1-0"]
[WhiteElo "2044"]
[BlackElo "1568"]
[PlyCount "101"]
[EventDate "2018.09.24"]
[EventType "team-swiss"]
[EventRounds "11"]
[EventCountry "GEO"]
[SourceTitle "Ajedrez en Madrid"]
[Source "lmi"]
[SourceDate "2018.09.24"]
[WhiteTeam "ICCD"]
[BlackTeam "Sudan"]
[BlackTeamCountry "SUD"]

1. Nc3 d5 2. e4 c6 3. f4 dxe4 4. Nxe4 h6 5. Qe2 Bf5 6. Nf3 e6 7. g3 Nd7 8. d3
Ngf6 9. Bg2 Be7 10. O-O O-O 11. h3 Nh5 12. Kh2 Qc7 13. Nd4 Bg6 14. g4 Nhf6 15.
Kh1 Nxe4 16. dxe4 e5 17. Nf5 Bf6 18. g5 hxg5 19. fxg5 Bd8 20. h4 f6 21. Be3
fxg5 22. hxg5 Rf7 23. Nh4 Qd6 24. Rad1 Qe6 25. Nxg6 Qxg6 26. Rxf7 Qxf7 27. Qg4
Nb6 28. Bxb6 Bxb6 29. Rd7 Qf2 30. Qe6+ Kh8 31. Qh3+ Kg8 32. Rd1 Qxc2 33. Rf1
Qd2 34. g6 Qh6 35. Qxh6 gxh6 36. Rf7 Rb8 37. Bh3 Rd8 38. Be6 Rd1+ 39. Rf1+ Kg7
40. Rxd1 Kxg6 41. Rd7 Kf6 42. Bf5 Bd4 43. Rxb7 c5 44. b3 a5 45. Kg2 h5 46. Rb5
a4 47. bxa4 c4 48. Rb7 c3 49. Rc7 Kg5 50. Kf3 h4 51. a5 1-0

[Event "43. Olimpiada Batumi 2018 Femenina"]
[Site "Batumi GEO"]
[Date "2018.09.30"]
[Round "6.2"]
[White "Rawan, Jamal"]
[Black "Gerasimova, Olga"]
[Result "0-1"]
[WhiteElo "1471"]
[BlackElo "2010"]
[PlyCount "118"]
[EventDate "2018.09.24"]
[EventType "team-swiss"]
[EventRounds "11"]
[EventCountry "GEO"]
[SourceTitle "Ajedrez en Madrid"]
[Source "lmi"]
[SourceDate "2018.09.24"]
[WhiteTeam "Sudan"]
[BlackTeam "ICCD"]
[WhiteTeamCountry "SUD"]

1. e4 c5 2. Nf3 Nc6 3. d4 cxd4 4. Nxd4 g6 5. c4 Bg7 6. Nc2 d6 7. Be2 Nf6 8. Nc3
O-O 9. O-O Be6 10. Ne3 Rc8 11. Bd2 Nd4 12. Bd3 Nd7 13. f4 f5 14. b4 Nb6 15.
Ncd5 fxe4 16. Nxb6 Qxb6 17. Bxe4 Nf5 18. c5 dxc5 19. Nd5 Bxd5 20. Bxd5+ e6 21.
Bb3 c4+ 22. Kh1 cxb3 23. axb3 Ne3 24. Bxe3 Qxe3 25. Rf3 Qd4 26. Rb1 Qxd1+ 27.
Rxd1 Rfd8 28. Rff1 Rxd1 29. Rxd1 Rc3 30. Rb1 Bf8 31. b5 Ba3 32. g3 Rc1+ 33.
Rxc1 Bxc1 34. Kg2 Kf7 35. Kf3 Kf6 36. Ke4 Ke7 37. Ke5 Bb2+ 38. Ke4 Kd6 39. Kd3
Kc5 40. Kc2 Bd4 41. Kd3 Bg1 42. h3 Bh2 43. g4 Bxf4 44. Ke4 e5 45. h4 Kxb5 46.
Kd3 Kb4 47. Kc2 e4 48. h5 gxh5 49. gxh5 h6 50. Kd1 Kxb3 51. Ke2 a5 52. Kf2 a4
53. Kg2 a3 54. Kh3 a2 55. Kg4 Bg5 56. Kg3 a1=Q 57. Kg2 Qf6 58. Kg1 e3 59. Kg2
e2 0-1

[Event "43. Olimpiada Batumi 2018 Femenina"]
[Site "Batumi GEO"]
[Date "2018.09.30"]
[Round "6.3"]
[White "Lagutina, Olga"]
[Black "Mohamed Ahmed, Naiwa"]
[Result "0-1"]
[WhiteElo "1948"]
[BlackElo "1407"]
[PlyCount "75"]
[EventDate "2018.09.24"]
[EventType "team-swiss"]
[EventRounds "11"]
[EventCountry "GEO"]
[SourceTitle "Ajedrez en Madrid"]
[Source "lmi"]
[SourceDate "2018.09.24"]
[WhiteTeam "ICCD"]
[BlackTeam "Sudan"]
[BlackTeamCountry "SUD"]

1. d4 d6 2. e4 Nf6 3. Bd3 g6 4. Nf3 Bg7 5. h3 O-O 6. Bg5 Nbd7 7. c3 e5 8. Nbd2
c6 9. O-O b5 10. a4 a6 11. axb5 cxb5 12. Bxb5 Qb6 13. Bxd7 Nxd7 14. Nc4 Qc7 15.
b3 f6 16. Be3 Bb7 17. d5 Nc5 18. Bxc5 Qxc5 19. Na5 Bc8 20. Qd2 f5 21. b4 Qc7
22. c4 fxe4 23. Ng5 Bh6 24. h4 Rf4 25. Nxe4 Rxh4 26. Qe2 Bf5 27. Ng3 Rf8 28.
Nc6 Bc8 29. c5 Bg7 30. Ne4 dxc5 31. bxc5 Rf5 32. Ng3 e4 33. Rab1 Rfh5 34. f4
Rxd5 35. Ne5 Qxc5+ 36. Rf2 Rxf4 37. Nxe4 Rxf2 38. Qe1 0-1

[Event "43. Olimpiada Batumi 2018 Femenina"]
[Site "Batumi GEO"]
[Date "2018.09.30"]
[Round "6.4"]
[White "Marwa, Jadalla"]
[Black "Myronenko, Natalya"]
[Result "1/2-1/2"]
[WhiteElo "1322"]
[BlackElo "1919"]
[PlyCount "86"]
[EventDate "2018.09.24"]
[EventType "team-swiss"]
[EventRounds "11"]
[EventCountry "GEO"]
[SourceTitle "Ajedrez en Madrid"]
[Source "lmi"]
[SourceDate "2018.09.24"]
[WhiteTeam "Sudan"]
[BlackTeam "ICCD"]
[WhiteTeamCountry "SUD"]

1. d4 d5 2. Bf4 Nf6 3. e3 e6 4. Nf3 c5 5. Nc3 Bd6 6. Bg3 Nc6 7. dxc5 Bxg3 8.
hxg3 Qa5 9. Nd4 Qxc5 10. Nxc6 bxc6 11. Qd2 O-O 12. O-O-O a5 13. Qd4 Qxd4 14.
Rxd4 e5 15. Rdh4 Bf5 16. f3 Nd7 17. g4 Bg6 18. Bd3 f6 19. Bxg6 hxg6 20. e4 d4
21. Na4 g5 22. Rh8+ Kf7 23. Rxf8+ Rxf8 24. Kd2 Rb8 25. b3 Kg8 26. Nb2 Nc5 27.
Nc4 a4 28. Ra1 Kh7 29. Na5 Rb6 30. Nc4 Rb8 31. Na3 Kg6 32. Rb1 axb3 33. axb3
Ra8 34. Nc4 Ra2 35. b4 Na4 36. Kd3 Nc3 37. Rb2 Ra1 38. Na5 c5 39. Nc6 cxb4 40.
Rxb4 Rd1+ 41. Kc4 Rd2 42. Ne7+ Kh7 43. Kb3 Rd1 1/2-1/2

[Event "43. Olimpiada Batumi 2018 Femenina"]
[Site "Batumi GEO"]
[Date "2018.09.30"]
[Round "6.1"]
[White "Liu, Yang Hazel"]
[Black "Mena, Ailen Oriana"]
[Result "1/2-1/2"]
[WhiteElo "2064"]
[BlackElo "1884"]
[PlyCount "99"]
[EventDate "2018.09.24"]
[EventType "team-swiss"]
[EventRounds "11"]
[EventCountry "GEO"]
[SourceTitle "Ajedrez en Madrid"]
[Source "lmi"]
[SourceDate "2018.09.24"]
[WhiteTeam "Singapore"]
[BlackTeam "Netherlands Antilles"]
[WhiteTeamCountry "SIN"]
[BlackTeamCountry "AHO"]

1. d4 d5 2. Bf4 Nf6 3. e3 e6 4. c3 Bd6 5. Bg3 O-O 6. Nf3 c5 7. Nbd2 b6 8. Bd3
Bb7 9. Ne5 Nc6 10. f4 Ne7 11. Qb1 g6 12. Bf2 Bxe5 13. fxe5 Ng4 14. O-O Nf5 15.
Qe1 Qg5 16. Nf3 Qh6 17. Bxf5 gxf5 18. h3 Nxf2 19. Qxf2 Kh8 20. Rfe1 Rg8 21. Qh4
Qg6 22. Qf2 Rg7 23. Rad1 Rag8 24. Rd2 Qg3 25. Qxg3 Rxg3 26. Kh2 Ba6 27. a3 Bc4
28. Rg1 R8g7 29. Rb1 Bb3 30. Re1 R3g6 31. Nh4 Rh6 32. g3 Rh5 33. Rg1 Rg8 34.
Ng2 Rhg5 35. Nf4 Kg7 36. h4 Rg4 37. Nh5+ Kf8 38. Nf6 R8g7 39. Nxg4 Rxg4 40. h5
Rg5 41. Kg2 Rxh5 42. Rh1 Rxh1 43. Kxh1 c4 44. Kg2 Kg7 45. Kf3 h5 46. Kf4 Kg6
47. Rh2 a5 48. Rd2 Kh6 49. Rh2 Kg6 50. Rd2 1/2-1/2

[Event "43. Olimpiada Batumi 2018 Femenina"]
[Site "Batumi GEO"]
[Date "2018.09.30"]
[Round "6.2"]
[White "Sanchez, Mariana"]
[Black "Hng, Mei-En Emmanuelle"]
[Result "0-1"]
[WhiteElo "1505"]
[BlackElo "2020"]
[PlyCount "48"]
[EventDate "2018.09.24"]
[EventType "team-swiss"]
[EventRounds "11"]
[EventCountry "GEO"]
[SourceTitle "Ajedrez en Madrid"]
[Source "lmi"]
[SourceDate "2018.09.24"]
[WhiteTeam "Netherlands Antilles"]
[BlackTeam "Singapore"]
[WhiteTeamCountry "AHO"]
[BlackTeamCountry "SIN"]

1. e4 c5 2. Nf3 e6 3. Bc4 a6 4. O-O b5 5. Be2 Bb7 6. e5 Nh6 7. c3 Qc7 8. d4 d6
9. Bf4 Nd7 10. Qd2 dxe5 11. Nxe5 Bd6 12. Rd1 c4 13. a4 f6 14. Bxh6 Nb6 15. a5
Nd5 16. Bxg7 Qxg7 17. Bh5+ Ke7 18. Nf7 Nf4 19. f3 Nxh5 20. Nxh8 Rxh8 21. Na3
Rg8 22. Rdc1 Bxf3 23. Rc2 Nf4 24. g3 Be4 0-1

[Event "43. Olimpiada Batumi 2018 Femenina"]
[Site "Batumi GEO"]
[Date "2018.09.30"]
[Round "6.3"]
[White "Siew, Kai Xin"]
[Black "Marcos, Taqesyah"]
[Result "0-1"]
[WhiteElo "1751"]
[BlackElo "1583"]
[PlyCount "124"]
[EventDate "2018.09.24"]
[EventType "team-swiss"]
[EventRounds "11"]
[EventCountry "GEO"]
[SourceTitle "Ajedrez en Madrid"]
[Source "lmi"]
[SourceDate "2018.09.24"]
[WhiteTeam "Singapore"]
[BlackTeam "Netherlands Antilles"]
[WhiteTeamCountry "SIN"]
[BlackTeamCountry "AHO"]

1. d4 d5 2. c4 e6 3. Nf3 Nf6 4. Bg5 Be7 5. e3 O-O 6. Nc3 b6 7. Rc1 Nbd7 8. cxd5
exd5 9. Bd3 Bb7 10. O-O Ne4 11. Bf4 Nxc3 12. Rxc3 c5 13. h3 Re8 14. Nh2 Nf6 15.
Ng4 Ne4 16. Rc1 Bg5 17. Bxe4 Bxf4 18. Bxh7+ Kxh7 19. exf4 Rc8 20. Ne5 Kg8 21.
Qh5 Qf6 22. dxc5 bxc5 23. Nd7 Qxf4 24. Nxc5 Ba6 25. Rfe1 Rxe1+ 26. Rxe1 Qb4 27.
Re7 Qf4 28. Nb3 Bc4 29. Qg4 Qb8 30. Qf3 d4 31. Nxd4 Bxa2 32. g3 Qxb2 33. Qf5
Qc1+ 34. Kg2 Rd8 35. Nf3 Bc4 36. g4 Qf1+ 37. Kg3 Qd1 38. Kg2 Bf1+ 39. Kg3 Qd6+
40. Qe5 Qa3 41. Qe4 a5 42. Kh4 Bg2 43. Kg3 Bxf3 44. Re8+ Rxe8 45. Qxe8+ Kh7 46.
Kh4 Bg2 47. Qxf7 Qxh3+ 48. Kg5 Qh6+ 49. Kf5 Qf6+ 50. Qxf6 gxf6 51. Kxf6 Kg8 52.
f4 a4 53. g5 Be4 54. Ke5 a3 55. Kxe4 a2 56. Kf5 a1=Q 57. Kg6 Qg7+ 58. Kh5 Qf7+
59. Kg4 Kg7 60. f5 Qd5 61. Kf4 Qd4+ 62. Kg3 Qe4 0-1

[Event "43. Olimpiada Batumi 2018 Femenina"]
[Site "Batumi GEO"]
[Date "2018.09.30"]
[Round "6.4"]
[White "Salim-Moussa, Seydi"]
[Black "Hng, Mei-Xian Eunice"]
[Result "0-1"]
[WhiteElo "1601"]
[BlackElo "1687"]
[PlyCount "70"]
[EventDate "2018.09.24"]
[EventType "team-swiss"]
[EventRounds "11"]
[EventCountry "GEO"]
[SourceTitle "Ajedrez en Madrid"]
[Source "lmi"]
[SourceDate "2018.09.24"]
[WhiteTeam "Netherlands Antilles"]
[BlackTeam "Singapore"]
[WhiteTeamCountry "AHO"]
[BlackTeamCountry "SIN"]

1. e4 c5 2. Nf3 e6 3. Bc4 d5 4. exd5 exd5 5. Be2 Nf6 6. O-O Be7 7. Re1 O-O 8.
c3 Nc6 9. d4 h6 10. Be3 Ng4 11. Bb5 Nxe3 12. Rxe3 Bg4 13. Be2 Bd6 14. Ne5 cxd4
15. Nxc6 Bxe2 16. Rxe2 bxc6 17. Qxd4 c5 18. Qd1 Qc7 19. g3 Rad8 20. Rd2 d4 21.
Na3 Be5 22. Rc1 dxc3 23. bxc3 Rxd2 24. Qxd2 Rd8 25. Qe2 Bf6 26. Nb5 Qa5 27. c4
a6 28. Na7 Qc7 29. Nb5 axb5 30. cxb5 Bd4 31. a4 Qa5 32. Qa2 Ra8 33. Rc4 Qxb5
34. axb5 Rxa2 35. b6 Rb2 0-1

[Event "43. Olimpiada Batumi 2018 Femenina"]
[Site "Batumi GEO"]
[Date "2018.09.30"]
[Round "6.1"]
[White "Ortez, Andrea"]
[Black "dos Ramos, Rosangela"]
[Result "1-0"]
[WhiteElo "1772"]
[BlackElo "1788"]
[PlyCount "111"]
[EventDate "2018.09.24"]
[EventType "team-swiss"]
[EventRounds "11"]
[EventCountry "GEO"]
[SourceTitle "Ajedrez en Madrid"]
[Source "lmi"]
[SourceDate "2018.09.24"]
[WhiteTeam "El Salvador"]
[BlackTeam "Surinam"]
[WhiteTeamCountry "ESA"]
[BlackTeamCountry "SUR"]

1. e4 g6 2. d4 Bg7 3. c3 d6 4. Bd3 Nd7 5. Nf3 e5 6. O-O Ngf6 7. Bg5 h6 8. Bh4
O-O 9. Nbd2 c6 10. Qc2 Qc7 11. a4 a5 12. Rfe1 Re8 13. h3 g5 14. Bg3 Nh5 15. Bh2
Nf4 16. Bf1 Nf8 17. Nc4 N8g6 18. Ne3 Ne7 19. Nf5 Be6 20. Rad1 Rad8 21. b4 Nxf5
22. exf5 Bd5 23. Nd2 f6 24. b5 cxb5 25. Bxf4 exf4 26. Bxb5 Bc6 27. Qb3+ Kh7 28.
c4 Rxe1+ 29. Rxe1 d5 30. c5 Bf8 31. Re6 Kg7 32. Nb1 Kf7 33. Nc3 Be7 34. Be2 Kf8
35. Nb5 Qb8 36. Bf3 Bd7 37. Rb6 Bc6 38. Nc3 Qc8 39. Nxd5 Qxf5 40. Nc7 Rd7 41.
Ne6+ Kg8 42. Nxg5+ Bd5 43. Bxd5+ Qxd5 44. Qxd5+ Rxd5 45. Rxb7 hxg5 46. Rxe7 Kf8
47. Ra7 Ke8 48. Rxa5 Rxd4 49. Ra6 Ke7 50. a5 Rc4 51. c6 Rc5 52. Kf1 f5 53. Ra7+
Kd6 54. a6 Rxc6 55. Rg7 Rxa6 56. Rg6+ 1-0

[Event "43. Olimpiada Batumi 2018 Femenina"]
[Site "Batumi GEO"]
[Date "2018.09.30"]
[Round "6.2"]
[White "Tjong Tjin Joe, Kaithlyn"]
[Black "Hernandez, Bera"]
[Result "1/2-1/2"]
[WhiteElo "1683"]
[BlackElo "1778"]
[PlyCount "219"]
[EventDate "2018.09.24"]
[EventType "team-swiss"]
[EventRounds "11"]
[EventCountry "GEO"]
[SourceTitle "Ajedrez en Madrid"]
[Source "lmi"]
[SourceDate "2018.09.24"]
[WhiteTeam "Surinam"]
[BlackTeam "El Salvador"]
[WhiteTeamCountry "SUR"]
[BlackTeamCountry "ESA"]

1. e4 e5 2. Nf3 Nc6 3. Bc4 Nf6 4. d3 Bc5 5. c3 d6 6. Nbd2 Bb6 7. Nf1 a6 8. a4
h6 9. Ng3 Be6 10. Ba2 Bxa2 11. Rxa2 Ne7 12. O-O c6 13. b4 Bc7 14. d4 Ng6 15.
dxe5 dxe5 16. Rd2 Qc8 17. Qb3 O-O 18. Rfd1 h5 19. Qc2 Qe6 20. Nf5 Rad8 21. Ng5
Qc8 22. Ba3 Rxd2 23. Rxd2 Rd8 24. Qb3 Rd7 25. b5 Qe8 26. Rxd7 Nxd7 27. bxc6
bxc6 28. Qb7 Qb8 29. Qxa6 Bd8 30. Nxf7 Qb1+ 31. Qf1 Qxf1+ 32. Kxf1 Kxf7 33.
Nd6+ Kg8 34. Nb7 Be7 35. Bxe7 Nxe7 36. a5 Kf8 37. a6 Nc8 38. c4 Ndb6 39. Ke2
Nxc4 40. Kd3 N4b6 41. g3 Ke7 42. f4 exf4 43. gxf4 Na7 44. e5 Nd5 45. Ke4 g6 46.
h4 Nb5 47. Na5 Kd7 48. Nb3 Kc7 49. e6 Kd6 50. Na5 Ndc7 51. Nxc6 Kxc6 52. Ke5
Ne8 53. f5 gxf5 54. Kxf5 Kd6 55. Kg6 Kxe6 56. Kxh5 Kf6 57. Kh6 Nec7 58. Kh7 Kf7
59. Kh6 Ne6 60. Kh5 Nec7 61. Kg5 Nxa6 62. h5 Nd6 63. h6 Ne4+ 64. Kf5 Nf6 65.
Kg5 Nc7 66. Kf5 Ncd5 67. Ke5 Kg6 68. h7 Kxh7 69. Kd4 Kg6 70. Ke5 Ne7 71. Ke6
Nf5 72. Ke5 Ng7 73. Kd4 Kf5 74. Kc5 Ne6+ 75. Kd6 Ng4 76. Kd5 Ne5 77. Kd6 Nf4
78. Kc5 Ke4 79. Kd6 Nd5 80. Ke6 Nc4 81. Kd7 Ke5 82. Kc6 Nd6 83. Kc5 Ne7 84. Kb6
Kd5 85. Kc7 Nc6 86. Kd7 Nf5 87. Kc7 Nd6 88. Kd7 Nf5 89. Kc7 Nfe7 90. Kd7 Ng8
91. Kc7 Nf6 92. Kb6 Ne8 93. Kb7 Kd6 94. Kb6 Nc7 95. Kb7 Nd5 96. Kc8 Na5 97. Kd8
Nf6 98. Kc8 Nd5 99. Kd8 Nc6+ 100. Ke8 Ne5 101. Kd8 Nf6 102. Kc8 Nc6 103. Kb7
Nd7 104. Ka6 Kc5 105. Kb7 Nb6 106. Kc7 Ne5 107. Kd8 Nd5 108. Ke8 Kd6 109. Kd8
Nf6 110. Kc8 1/2-1/2

[Event "43. Olimpiada Batumi 2018 Femenina"]
[Site "Batumi GEO"]
[Date "2018.09.30"]
[Round "6.3"]
[White "Zavala Galindo, Alejandra Beatri"]
[Black "Kaslan, Catherine"]
[Result "1/2-1/2"]
[WhiteElo "1713"]
[BlackElo "1735"]
[PlyCount "74"]
[EventDate "2018.09.24"]
[EventType "team-swiss"]
[EventRounds "11"]
[EventCountry "GEO"]
[SourceTitle "Ajedrez en Madrid"]
[Source "lmi"]
[SourceDate "2018.09.24"]
[WhiteTeam "El Salvador"]
[BlackTeam "Surinam"]
[WhiteTeamCountry "ESA"]
[BlackTeamCountry "SUR"]

1. e4 c5 2. Nf3 d6 3. Bb5+ Nd7 4. d4 cxd4 5. Qxd4 a6 6. Bxd7+ Bxd7 7. c4 Bc6 8.
Nc3 Nf6 9. Bg5 e5 10. Qd3 Be7 11. O-O Nh5 12. Bxe7 Qxe7 13. Rad1 Rd8 14. g3 O-O
15. Nh4 g6 16. Ng2 Ng7 17. Ne3 f5 18. Ned5 Qg5 19. f4 exf4 20. Nxf4 Rde8 21.
exf5 Nxf5 22. Ncd5 Re5 23. Rde1 Rfe8 24. Qc3 Bxd5 25. Nxd5 R8e6 26. Rxe5 dxe5
27. Re1 Nd4 28. Qe3 Qg4 29. Rf1 Nf5 30. Qxe5 Rxe5 31. Nf6+ Kg7 32. Nxg4 Re4 33.
Rf4 Re2 34. Rf2 Re4 35. Rf4 Re2 36. Rf2 Re4 37. Rf4 Re2 1/2-1/2

[Event "43. Olimpiada Batumi 2018 Femenina"]
[Site "Batumi GEO"]
[Date "2018.09.30"]
[Round "6.4"]
[White "Frijde, Reyna"]
[Black "Garcia Mendez, Alcira Guadalupe"]
[Result "0-1"]
[WhiteElo "1559"]
[BlackElo "1741"]
[PlyCount "52"]
[EventDate "2018.09.24"]
[EventType "team-swiss"]
[EventRounds "11"]
[EventCountry "GEO"]
[SourceTitle "Ajedrez en Madrid"]
[Source "lmi"]
[SourceDate "2018.09.24"]
[WhiteTeam "Surinam"]
[BlackTeam "El Salvador"]
[WhiteTeamCountry "SUR"]
[BlackTeamCountry "ESA"]

1. d4 d5 2. e3 Nf6 3. c4 e6 4. Nf3 c5 5. Bd3 Nc6 6. O-O Be7 7. b3 O-O 8. Bb2
Nb4 9. Be2 b6 10. Nbd2 Bb7 11. a3 Nc6 12. Bd3 Rc8 13. Qe2 Re8 14. Rfe1 Bd6 15.
Qd1 e5 16. cxd5 Nxd5 17. dxe5 Nxe5 18. Nxe5 Bxe5 19. Bxe5 Rxe5 20. Nf3 Rh5 21.
Qe2 Nc3 22. Qc2 Bxf3 23. Qxc3 Qg5 24. Bf1 Qh4 25. h3 Rg5 26. Kh2 Qxf2 0-1

[Event "43. Olimpiada Batumi 2018 Femenina"]
[Site "Batumi GEO"]
[Date "2018.09.30"]
[Round "6.1"]
[White "Johnson, Gabriella"]
[Black "Hoshino, Karen"]
[Result "0-1"]
[WhiteElo "1840"]
[BlackElo "1945"]
[PlyCount "120"]
[EventDate "2018.09.24"]
[EventType "team-swiss"]
[EventRounds "11"]
[EventCountry "GEO"]
[SourceTitle "Ajedrez en Madrid"]
[Source "lmi"]
[SourceDate "2018.09.24"]
[WhiteTeam "Trinidad & Tobago"]
[BlackTeam "Japan"]
[BlackTeamCountry "JPN"]

1. e4 c5 2. c3 d5 3. exd5 Qxd5 4. d4 Nf6 5. Nf3 Bg4 6. Nbd2 e6 7. Bc4 Qd8 8. h3
Bh5 9. Qa4+ Nbd7 10. O-O Be7 11. Re1 O-O 12. Qb3 Qb6 13. d5 exd5 14. Bxd5 Nxd5
15. Qxd5 Nf6 16. Qg5 Rfe8 17. Nc4 Qa6 18. Nce5 Bd6 19. Bf4 Bxf3 20. Nxf3 h6 21.
Qf5 Bxf4 22. Qxf4 Rxe1+ 23. Nxe1 Re8 24. Qf3 Qe2 25. Qxe2 Rxe2 26. Rb1 Ne4 27.
f3 Nd2 28. Rd1 Nc4 29. b3 Ne3 30. Ra1 Kf8 31. g4 Nd5 32. c4 Nb4 33. a3 Nc6 34.
Nd3 b6 35. b4 Rd2 36. Nf2 Rc2 37. bxc5 bxc5 38. Rb1 Rxc4 39. Ne4 Nd4 40. Kg2
Rc2+ 41. Kf1 Ke7 42. Rb7+ Ke6 43. Rxa7 Nxf3 44. Rc7 Kd5 45. Nf2 Ne5 46. Nd1 Kd4
47. a4 Ra2 48. Ra7 c4 49. Re7 Rxa4 50. Ke2 Ra6 51. Rc7 Re6 52. Kf2 Rc6 53. Rxc6
Nxc6 54. Ke2 c3 55. Ne3 Ke4 56. Nf5 Nd4+ 57. Nxd4 Kxd4 58. Kd1 Kd3 59. h4 g6
60. g5 h5 0-1

[Event "43. Olimpiada Batumi 2018 Femenina"]
[Site "Batumi GEO"]
[Date "2018.09.30"]
[Round "6.2"]
[White "Sakai, Azumi"]
[Black "Soondarsingh, Aditi"]
[Result "1-0"]
[WhiteElo "1713"]
[BlackElo "1719"]
[PlyCount "53"]
[EventDate "2018.09.24"]
[EventType "team-swiss"]
[EventRounds "11"]
[EventCountry "GEO"]
[SourceTitle "Ajedrez en Madrid"]
[Source "lmi"]
[SourceDate "2018.09.24"]
[WhiteTeam "Japan"]
[BlackTeam "Trinidad & Tobago"]
[WhiteTeamCountry "JPN"]

1. d4 d5 2. c4 c6 3. Nf3 Nf6 4. e3 e6 5. b3 Nbd7 6. Bb2 Bd6 7. Bd3 O-O 8. O-O
Re8 9. Ne5 Qc7 10. f4 c5 11. Nc3 a6 12. cxd5 exd5 13. Qf3 Nb6 14. a4 c4 15. Bc2
Bb4 16. a5 Nbd7 17. Nxd5 Qd6 18. Nxb4 Qxb4 19. Nxc4 Nf8 20. d5 Qe7 21. d6 Qe6
22. f5 Qd5 23. Qg3 Nh5 24. Qg5 g6 25. Bd1 f6 26. Qh6 Bxf5 27. Bxh5 1-0